Secret Asian City and Asian Countries - Statistics

General Stats
  • This quiz has been taken 228 times
    209 since last reset
  • The average score is 12 of 49
Answer Stats
Country Answer % Correct
Georgia i
90%
Iran I
90%
Laos s
83%
Oman m
78%
China Chi
77%
Nepal p
70%
Israel Is
41%
Lebanon .
27%
Bahrain hi
25%
Japan Jp
24%
Armenia mi
24%
Mongolia Mi
24%
Iraq Iq
22%
Yemen Ym
20%
India Idi
19%
Qatar Qt
19%
Brunei ui
19%
Afghanistan fhist
17%
Bhutan hut
17%
Turkey Tuky
17%
Vietnam Vitm
17%
Azerbaijan zij
17%
{BANGALORE}
16%
Indonesia Idsi
16%
Kuwait Kuwit
16%
Kazakhstan Kzkhst
16%
Turkmenistan Tukmist
16%
Saudi Arabia Sudi i
15%
Uzbekistan Uzkist
15%
Jordan Jd
14%
Kyrgyzstan Kyyzst
14%
Pakistan Pkist
14%
South Korea Suth K
14%
Syria Syi
14%
Thailand Thid
14%
North Korea th K
14%
Taiwan Tiw
14%
Tajikistan Tjikist
14%
Cambodia Cmdi
13%
Cyprus Cypus
12%
Bangladesh dsh
12%
Malaysia Mysi
12%
Singapore Sip
12%
East Timor st Tim
12%
Philippines Phiippis
11%
Burma um
11%
Sri Lanka Si k
9%
U.A.E. Uitd mits
9%
Maldives Mdivs
8%
No matching quizzes found
Score Distribution
Percent of People with Each Score
Percentile by Number Answered
Your Score History
You have not taken this quiz since the last reset